00545nam a22001937a 4500010001300000020002700013035001300040037001800053040001200071082001600083100001900099245006700118250001200185260003600197270004700233300002000280650003000300650002100330 aB-162099 a9788171771721c1290.00 aB-162099 bCen Lib / Ret aDPLbEN a347.54bMAL aMallick, M. R. aGanguly's Civil court practice & procedure /cby M. R. Mallick a13th ed aKokatabEastern Law Housec2005 a54 Ganesh Chunder Avenue bKolkatae700013 a2729pc27cm(Hb) aCivil procedure -- India. aCivil procedure.